Cuestiones del derecho penal europeo

Bibliographic Details
Main Author: Huber, Br̀bara
Format: Unknown
Language:Spanish
Published: Madrid : Dykinson, D.L. 2005
Subjects:
Online Access:Acceso restringido

MARC

LEADER 00000ny a22000003n 4500
005 2011052406066.0
008 050616s2005 sp 000 0 spa c
017 |a D.L. SE.2365-2005 
020 |a 8497726766 
035 |a 1290 
040 |a UMA.RE  |d vLex 
040 |a UPO  |d vLex 
080 |a 341.4/.6(4-672 UE)(0.034) 
080 |a 343.2(4-672 UE)(0.034) 
090 |c 195  |d 195 
100 1 |a Huber, Br̀bara 
245 1 0 |a Cuestiones del derecho penal europeo  |h [Recurso electrn̤ico]  |c Br̀bara Huber 
256 |a Servicio en ln̕ea 
260 |a Madrid :  |b Dykinson,  |c D.L. 2005 
300 |a 105 p. ;  |c 21cm 
506 1 |a Contenido solo disponible en los productos indicados  |d vLex Global  |d vLex Global (Academic Edition, excluding Law Schools)  |d vLex Global (U.S. Academic Edition, Law Schools)  |d vLex Global (U.S. Academic Edition, excluding Law Schools)  |d vLex Global (Academic Edition, Law Schools) 
650 0 4 |a Penal  |2 Tesauro vLex 
650 0 4 |a Comunitario  |2 Tesauro vLex 
740 0 |a vLex Libros (Servicios en ln̕ea) 
856 4 0 |u http://vlex.com/source/1290  |z Acceso restringido 
942 |c BOOK 
999 0 |a Criminal Law   |b Madrid